[Event "Charlotte Winter GM"]
[Site "Charlotte USA"]
[Date "2022.01.17"]
[Round "9.4"]
[White "Zhou Jianchao"]
[Black "Talukdar, Rohan"]
[Result "1/2-1/2"]
[WhiteElo "2605"]
[BlackElo "2329"]
[PlyCount "62"]
[EventDate "2022.01.13"]
[EventType "tourn"]
[EventRounds "9"]
[EventCountry "USA"]
[EventCategory "8"]
[Source "ChessMix"]
[SourceDate "2022.01.20"]
[WhiteTeam "China"]
[BlackTeam "Canada"]
[WhiteTeamCountry "CHN"]
[BlackTeamCountry "CAN"]

1. d4 Nf6 2. c4 g6 3. Nc3 d5 4. Nf3 Bg7 5. Qb3 dxc4 6. Qxc4 O-O 7. e4 a6 8. Be2
b5 9. Qd3 Bb7 10. e5 Nd5 11. O-O Nd7 12. e6 fxe6 13. Ng5 Nxc3 14. bxc3 Rf6 15.
Bg4 Nf8 16. a4 e5 17. axb5 axb5 18. Rxa8 Bxa8 19. Qxb5 exd4 20. cxd4 h6 21. Nh3
Qxd4 22. Qe2 Qe4 23. Qxe4 Bxe4 24. Re1 Bf5 25. Bxf5 Rxf5 26. Rxe7 Rd5 27. Kf1
Rd1+ 28. Re1 Rxe1+ 29. Kxe1 Ne6 30. Ke2 Kf7 31. Be3 g5 1/2-1/2

[Event "Charlotte Holiday op"]
[Site "Charlotte USA"]
[Date "2021.12.26"]
[Round "1.20"]
[White "Myers, Dominique"]
[Black "Talukdar, Rohan"]
[Result "0-1"]
[WhiteElo "2038"]
[BlackElo "2329"]
[PlyCount "78"]
[EventDate "2021.12.26"]
[EventType "swiss"]
[EventRounds "9"]
[EventCountry "USA"]
[Source "ChessMix"]
[SourceDate "2022.01.01"]

1. e4 {[%emt 0:01:16]} c5 {[%emt 0:00:16]} 2. Nf3 {[%emt 0:00:07]} d6 {
[%emt 0:00:05]} 3. d4 {[%emt 0:00:10]} cxd4 {[%emt 0:00:07]} 4. Nxd4 {
[%emt 0:00:05]} Nf6 {[%emt 0:00:04]} 5. Nc3 {[%emt 0:00:10]} a6 {[%emt 0:00:03]
} 6. h3 {[%emt 0:00:16]} e5 {[%emt 0:01:07]} 7. Nde2 {[%emt 0:00:06]} h5 {
[%emt 0:00:04]} 8. g3 {[%emt 0:00:05]} Be7 {[%emt 0:00:04]} 9. a4 {
[%emt 0:00:10]} Nc6 {[%emt 0:02:50]} 10. Bg2 {[%emt 0:00:08]} Nb4 {
[%emt 0:00:51]} 11. O-O {[%emt 0:06:55]} Be6 {[%emt 0:06:40]} 12. Bg5 {
[%emt 0:11:40]} Qd7 {[%emt 0:08:24]} 13. Bxf6 {[%emt 0:00:36]} Bxf6 {
[%emt 0:00:52]} 14. Kh2 {[%emt 0:00:05]} Rc8 {[%emt 0:01:02]} 15. Qd2 {
[%emt 0:02:31]} O-O {[%emt 0:04:41]} 16. Rfd1 {[%emt 0:00:27]} Rfd8 {
[%emt 0:05:01]} 17. b3 {[%emt 0:02:21]} Rc5 {[%emt 0:15:21]} 18. Rac1 {
[%emt 0:03:25]} Rdc8 {[%emt 0:13:35]} 19. Nd5 Nxd5 {[%emt 0:02:09]} 20. exd5 {
[%emt 0:00:05]} Bf5 {[%emt 0:00:11]} 21. c4 {[%emt 0:02:45]} b5 {[%emt 0:10:31]
} 22. cxb5 {[%emt 0:05:37]} axb5 {[%emt 0:00:02]} 23. a5 {[%emt 0:00:30]} Qa7 {
[%emt 0:01:53]} 24. Rxc5 {[%emt 0:03:24]} Rxc5 {[%emt 0:02:13]} 25. Rc1 {
[%emt 0:01:21]} b4 {[%emt 0:03:09]} 26. Qxb4 {[%emt 0:00:31]} Rxa5 {
[%emt 0:00:59]} 27. Nc3 {[%emt 0:02:58]} Bg5 {[%emt 0:03:06]} 28. f4 {
[%emt 0:04:42]} exf4 {[%emt 0:00:06]} 29. gxf4 {[%emt 0:00:05]} Bf6 {
[%emt 0:05:32]} 30. Na4 {[%emt 0:00:32]} h4 {[%emt 0:00:36]} 31. Rc4 {
[%emt 0:04:44]} Qf2 {[%emt 0:06:37]} 32. Kh1 {[%emt 0:24:09]} Ra8 {
[%emt 0:01:37]} 33. Rc1 {[%emt 0:04:59]} Re8 {[%emt 0:00:50]} 34. Rf1 {
[%emt 0:04:01]} Qg3 {[%emt 0:00:16]} 35. Qb5 {[%emt 0:07:23]} Re3 {
[%emt 0:00:39]} 36. Rg1 {[%emt 0:00:30]} Bd4 {[%emt 0:02:13]} 37. Nb6 {
[%emt 0:01:32]} Bxh3 {[%emt 0:01:24]} 38. Be4 {[%emt 0:00:35]} Qxg1+ {
[%emt 0:00:58]} 39. Kxg1 {[%emt 0:00:05]} Rxb3+ {[%emt 0:00:03]} 0-1

[Event "Charlotte Holiday op"]
[Site "Charlotte USA"]
[Date "2021.12.27"]
[Round "2.2"]
[White "Talukdar, Rohan"]
[Black "Jacobson, Brandon"]
[Result "0-1"]
[WhiteElo "2329"]
[BlackElo "2530"]
[PlyCount "102"]
[EventDate "2021.12.26"]
[EventType "swiss"]
[EventRounds "9"]
[EventCountry "USA"]
[Source "ChessMix"]
[SourceDate "2022.01.01"]

1. e4 {[%emt 0:00:10]} c5 {[%emt 0:04:38]} 2. Nf3 {[%emt 0:00:37]} d6 {
[%emt 0:00:07]} 3. d4 {[%emt 0:00:18]} cxd4 {[%emt 0:00:04]} 4. Nxd4 {
[%emt 0:00:04]} Nf6 {[%emt 0:00:04]} 5. Nc3 {[%emt 0:00:05]} Nc6 {
[%emt 0:00:03]} 6. f3 {[%emt 0:00:46]} e5 {[%emt 0:00:21]} 7. Nb3 {
[%emt 0:00:05]} Be7 {[%emt 0:00:08]} 8. Be3 {[%emt 0:00:04]} Be6 {
[%emt 0:00:12]} 9. Nd5 {[%emt 0:01:05]} Bxd5 {[%emt 0:00:24]} 10. exd5 {
[%emt 0:00:04]} Nb4 {[%emt 0:00:04]} 11. c4 {[%emt 0:00:03]} a5 {[%emt 0:00:04]
} 12. Qd2 {[%emt 0:01:48]} b6 {[%emt 0:00:06]} 13. Be2 {[%emt 0:00:01]} O-O {
[%emt 0:00:23]} 14. O-O {[%emt 0:00:02]} Na6 {[%emt 0:00:25]} 15. Nc1 {
[%emt 0:00:50]} Nh5 {[%emt 0:00:28]} 16. Bd1 {[%emt 0:04:34]} f5 {
[%emt 0:00:15]} 17. Ne2 {[%emt 0:00:24]} f4 {[%emt 0:03:31]} 18. Bf2 {
[%emt 0:00:08]} Bh4 {[%emt 0:00:02]} 19. g3 {[%emt 0:17:12]} Bg5 {
[%emt 0:13:23]} 20. Qd3 {[%emt 0:17:47]} fxg3 {[%emt 0:00:17]} 21. hxg3 {
[%emt 0:00:07]} Nc5 {[%emt 0:00:39]} 22. Bxc5 {[%emt 0:00:56]} bxc5 {
[%emt 0:00:04]} 23. Bc2 {[%emt 0:00:46]} g6 {[%emt 0:00:05]} 24. Kg2 {
[%emt 0:00:17]} Ra7 {[%emt 0:00:05]} 25. Rh1 {[%emt 0:04:36]} Raf7 {
[%emt 0:39:32]} 26. Raf1 {[%emt 0:00:12]} Bh6 {[%emt 0:00:28]} 27. Rh4 {
[%emt 0:16:29]} Qg5 {[%emt 0:00:32]} 28. Kh3 {[%emt 0:10:23]} Ng7 {
[%emt 0:20:15]} 29. f4 {[%emt 0:08:38]} Qe7 {[%emt 0:00:43]} 30. Rxh6 {
[%emt 0:02:59]} Nf5 {[%emt 0:00:02]} 31. Rh4 {[%emt 0:00:03]} Qd7 {
[%emt 0:00:04]} 32. Kh2 {[%emt 0:04:40]} Nxh4 {[%emt 0:00:05]} 33. gxh4 Qg4 {
[%emt 0:00:29]} 34. Bd1 {[%emt 0:04:39]} Qxh4+ {[%emt 0:00:40]} 35. Qh3 Qd8 {
[%emt 0:02:43]} 36. Qe6 {[%emt 0:00:42]} Kh8 {[%emt 0:00:23]} 37. Qg4 {
[%emt 0:01:10]} Qf6 {[%emt 0:01:29]} 38. Kg2 {[%emt 0:01:30]} Qg7 {
[%emt 0:05:03]} 39. b3 {[%emt 0:00:27]} h5 {[%emt 0:01:27]} 40. Qg3 {
[%emt 0:00:23]} Qh6 {[%emt 0:03:57]} 41. Qc3 {[%emt 0:00:54]} Kg8 {
[%emt 0:00:23]} 42. Bc2 {[%emt 0:01:38]} exf4 {[%emt 0:00:14]} 43. Kf2 {
[%emt 0:00:47]} g5 {[%emt 0:00:31]} 44. Ng1 g4 {[%emt 0:02:16]} 45. Re1 {
[%emt 0:00:03]} f3 {[%emt 0:00:06]} 46. Re6 {[%emt 0:01:00]} g3+ {
[%emt 0:00:27]} 47. Kf1 {[%emt 0:00:29]} Qc1+ {[%emt 0:00:29]} 48. Re1 {
[%emt 0:00:11]} Qg5 {[%emt 0:00:27]} 49. Re6 {[%emt 0:01:13]} f2 {
[%emt 0:01:38]} 50. Rg6+ {[%emt 0:00:23]} Qxg6 {[%emt 0:00:04]} 51. Bxg6 {
[%emt 0:00:03]} g2+ {[%emt 0:00:10]} 0-1

[Event "Charlotte Holiday op"]
[Site "Charlotte USA"]
[Date "2021.12.27"]
[Round "3.12"]
[White "Antova, Gabriela"]
[Black "Talukdar, Rohan"]
[Result "1-0"]
[WhiteElo "2288"]
[BlackElo "2329"]
[PlyCount "98"]
[EventDate "2021.12.26"]
[EventType "swiss"]
[EventRounds "9"]
[EventCountry "USA"]
[Source "ChessMix"]
[SourceDate "2022.01.01"]

1. d4 {[%emt 0:00:11]} Nf6 {[%emt 0:00:06]} 2. c4 {[%emt 0:00:10]} g6 {
[%emt 0:00:04]} 3. h4 {[%emt 0:00:15]} c5 {[%emt 0:02:47]} 4. d5 {
[%emt 0:04:00]} e6 {[%emt 0:00:17]} 5. Nc3 {[%emt 0:01:41]} exd5 {
[%emt 0:00:18]} 6. cxd5 {[%emt 0:00:19]} d6 {[%emt 0:02:04]} 7. e4 {
[%emt 0:02:24]} Bg7 {[%emt 0:00:20]} 8. Be2 {[%emt 0:01:36]} O-O {
[%emt 0:08:04]} 9. h5 {[%emt 0:03:57]} Re8 {[%emt 0:00:13]} 10. h6 {
[%emt 0:00:57]} Bh8 {[%emt 0:00:51]} 11. Qc2 {[%emt 0:08:22]} Na6 {
[%emt 0:01:38]} 12. Bg5 {[%emt 0:12:44]} Qa5 {[%emt 0:08:22]} 13. f3 {
[%emt 0:12:15]} Rb8 {[%emt 0:14:57]} 14. Nh3 {[%emt 0:04:41]} b5 {
[%emt 0:01:13]} 15. O-O {[%emt 0:06:37]} Bd7 {[%emt 0:11:30]} 16. g4 {
[%emt 0:08:21]} c4 {[%emt 0:03:56]} 17. Qd2 {[%emt 0:03:04]} Rec8 {
[%emt 0:09:11]} 18. a3 {[%emt 0:01:53]} Nc5 {[%emt 0:02:21]} 19. Rad1 {
[%emt 0:02:21]} Nb3 {[%emt 0:03:48]} 20. Qf4 {[%emt 0:03:35]} Ne8 {
[%emt 0:00:43]} 21. Qg3 {[%emt 0:00:18]} b4 {[%emt 0:06:41]} 22. axb4 {
[%emt 0:00:16]} Rxb4 {[%emt 0:00:19]} 23. f4 {[%emt 0:01:29]} Nd4 {
[%emt 0:04:28]} 24. e5 {[%emt 0:05:52]} Nxe2+ {[%emt 0:02:49]} 25. Nxe2 {
[%emt 0:00:02]} Rxb2 26. Nc3 {[%emt 0:05:20]} Rb3 {[%emt 0:03:09]} 27. Rf3 {
[%emt 0:00:15]} Nc7 {[%emt 0:00:57]} 28. Nf2 {[%emt 0:01:23]} Nb5 {
[%emt 0:02:36]} 29. Nfe4 {[%emt 0:02:45]} Nxc3 {[%emt 0:00:07]} 30. Nxc3 {
[%emt 0:00:31]} Re8 {[%emt 0:00:42]} 31. Ne4 {[%emt 0:01:38]} Qb6+ {
[%emt 0:00:39]} 32. Kg2 {[%emt 0:01:38]} dxe5 {[%emt 0:01:02]} 33. f5 {
[%emt 0:00:23]} gxf5 {[%emt 0:03:30]} 34. gxf5 {[%emt 0:00:34]} Bxf5 {
[%emt 0:00:13]} 35. Nf6+ {[%emt 0:04:12]} Bxf6 {[%emt 0:00:52]} 36. Bxf6+ {
[%emt 0:00:03]} Bg6 {[%emt 0:00:07]} 37. d6 {[%emt 0:00:19]} Rb2+ {
[%emt 0:02:28]} 38. Kh3 {[%emt 0:00:15]} Rf8 {[%emt 0:04:36]} 39. d7 {
[%emt 0:02:19]} c3 {[%emt 0:00:19]} 40. d8=Q {[%emt 0:00:43]} Qe6+ {
[%emt 0:00:08]} 41. Kh4 {[%emt 0:00:21]} Rb4+ {[%emt 0:00:13]} 42. Kg5 {
[%emt 0:00:24]} Rd4 {[%emt 0:00:43]} 43. Rxd4 {[%emt 0:00:16]} exd4 {
[%emt 0:00:10]} 44. Qgd6 {[%emt 0:00:45]} Qxd6 {[%emt 0:01:02]} 45. Qxd6 {
[%emt 0:00:02]} c2 {[%emt 0:00:01]} 46. Rf1 {[%emt 0:00:26]} d3 {[%emt 0:00:03]
} 47. Be7 {[%emt 0:01:00]} f6+ {[%emt 0:00:26]} 48. Bxf6 {[%emt 0:00:05]} Re8 {
[%emt 0:00:16]} 49. Be7 {[%emt 0:00:26]} d2 {[%emt 0:00:55]} 1-0

[Event "Charlotte Holiday op"]
[Site "Charlotte USA"]
[Date "2021.12.28"]
[Round "4.19"]
[White "Talukdar, Rohan"]
[Black "Wen, Tommy"]
[Result "1-0"]
[WhiteElo "2329"]
[BlackElo "2006"]
[PlyCount "99"]
[EventDate "2021.12.26"]
[EventType "swiss"]
[EventRounds "9"]
[EventCountry "USA"]
[Source "ChessMix"]
[SourceDate "2022.01.01"]

1. e4 {[%emt 0:01:00]} c5 {[%emt 0:03:30]} 2. Nc3 {[%emt 0:00:15]} Nc6 {
[%emt 0:00:07]} 3. Bb5 {[%emt 0:00:05]} Nd4 {[%emt 0:00:12]} 4. Nf3 {
[%emt 0:00:04]} g6 {[%emt 0:01:46]} 5. Nxd4 {[%emt 0:01:13]} cxd4 {
[%emt 0:00:08]} 6. Ne2 {[%emt 0:00:04]} Bg7 {[%emt 0:00:55]} 7. O-O {
[%emt 0:00:14]} a6 {[%emt 0:02:01]} 8. Ba4 {[%emt 0:01:34]} b5 {[%emt 0:04:09]}
9. Bb3 {[%emt 0:00:06]} Bb7 {[%emt 0:00:29]} 10. d3 {[%emt 0:00:07]} Qb6 {
[%emt 0:05:38]} 11. c3 {[%emt 0:12:49]} dxc3 {[%emt 0:06:31]} 12. bxc3 {
[%emt 0:00:12]} Nf6 {[%emt 0:01:50]} 13. Be3 {[%emt 0:01:34]} Qc7 {
[%emt 0:00:36]} 14. f4 {[%emt 0:00:14]} O-O {[%emt 0:03:03]} 15. Rc1 {
[%emt 0:02:44]} d6 {[%emt 0:03:40]} 16. Kh1 {[%emt 0:07:21]} e5 {[%emt 0:02:15]
} 17. Ng3 {[%emt 0:04:40]} d5 {[%emt 0:07:53]} 18. fxe5 {[%emt 0:01:51]} Qxe5 {
[%emt 0:00:47]} 19. Bd4 {[%emt 0:12:00]} Qe7 {[%emt 0:01:05]} 20. Bxf6 {
[%emt 0:02:35]} Bxf6 {[%emt 0:00:06]} 21. Bxd5 {[%emt 0:00:10]} Bxd5 {
[%emt 0:02:55]} 22. exd5 Be5 {[%emt 0:00:28]} 23. Qg4 {[%emt 0:05:29]} Qa3 {
[%emt 0:05:39]} 24. c4 {[%emt 0:17:17]} Qxa2 {[%emt 0:02:22]} 25. Nf5 {
[%emt 0:01:44]} Kh8 {[%emt 0:03:40]} 26. Ne7 {[%emt 0:00:49]} Bb2 {
[%emt 0:03:44]} 27. Qe2 {[%emt 0:12:19]} Qa3 {[%emt 0:01:14]} 28. c5 {
[%emt 0:00:44]} f6 {[%emt 0:04:49]} 29. Rc2 {[%emt 0:01:10]} Bd4 {
[%emt 0:01:29]} 30. Rfc1 {[%emt 0:01:02]} b4 {[%emt 0:00:12]} 31. Qe4 {
[%emt 0:01:22]} Bc3 {[%emt 0:02:54]} 32. Qc4 {[%emt 0:00:57]} a5 {
[%emt 0:01:09]} 33. d6 {[%emt 0:00:15]} Rad8 {[%emt 0:01:11]} 34. Rb1 {
[%emt 0:00:47]} Be5 {[%emt 0:00:47]} 35. d4 {[%emt 0:01:47]} Bxd6 {
[%emt 0:00:26]} 36. cxd6 {[%emt 0:00:03]} Rxd6 {[%emt 0:00:02]} 37. Qc5 {
[%emt 0:00:37]} Rfd8 {[%emt 0:00:53]} 38. Nc6 {[%emt 0:00:14]} R8d7 {
[%emt 0:00:04]} 39. Nxa5 {[%emt 0:00:24]} Qd3 {[%emt 0:00:35]} 40. Nb3 {
[%emt 0:00:17]} Kg7 {[%emt 0:00:14]} 41. Qc4 {[%emt 0:00:10]} Qf5 {
[%emt 0:00:28]} 42. Rf1 {[%emt 0:00:12]} Qg4 {[%emt 0:01:57]} 43. Qxb4 {
[%emt 0:00:12]} Rd5 {[%emt 0:00:23]} 44. Rc5 {[%emt 0:00:52]} Qe2 {
[%emt 0:00:30]} 45. Re1 {[%emt 0:00:42]} Rxd4 {[%emt 0:00:07]} 46. Nxd4 {
[%emt 0:00:08]} Rxd4 {[%emt 0:00:05]} 47. Rc7+ {[%emt 0:00:50]} Kh6 {
[%emt 0:00:03]} 48. Qxd4 {[%emt 0:01:25]} Qxe1+ {[%emt 0:00:06]} 49. Qg1 {
[%emt 0:00:02]} Qc3 {[%emt 0:00:02]} 50. Rxc3 {[%emt 0:00:03]} 1-0

[Event "Charlotte Holiday op"]
[Site "Charlotte USA"]
[Date "2021.12.28"]
[Round "5.14"]
[White "Puckett, Matthew"]
[Black "Talukdar, Rohan"]
[Result "1-0"]
[WhiteElo "2141"]
[BlackElo "2329"]
[PlyCount "73"]
[EventDate "2021.12.26"]
[EventType "swiss"]
[EventRounds "9"]
[EventCountry "USA"]
[Source "ChessMix"]
[SourceDate "2022.01.01"]

1. d4 {[%emt 0:00:02]} Nf6 {[%emt 0:03:20]} 2. c4 {[%emt 0:00:07]} g6 {
[%emt 0:00:03]} 3. Nc3 {[%emt 0:00:09]} d5 {[%emt 0:00:03]} 4. Nf3 {
[%emt 0:00:08]} Bg7 {[%emt 0:00:04]} 5. Qb3 {[%emt 0:00:11]} dxc4 {
[%emt 0:00:05]} 6. Qxc4 {[%emt 0:00:05]} O-O {[%emt 0:00:04]} 7. e4 {
[%emt 0:00:11]} Be6 {[%emt 0:00:04]} 8. Qb5 {[%emt 0:00:30]} Bd7 {
[%emt 0:01:50]} 9. Qb3 {[%emt 0:00:21]} c5 {[%emt 0:03:03]} 10. d5 {
[%emt 0:00:19]} b5 {[%emt 0:01:39]} 11. e5 {[%emt 0:01:01]} Ng4 {[%emt 0:04:38]
} 12. Bf4 {[%emt 0:00:42]} c4 {[%emt 0:00:05]} 13. Qd1 {[%emt 0:00:30]} b4 {
[%emt 0:01:56]} 14. Ne2 {[%emt 0:07:54]} Qb6 {[%emt 0:13:36]} 15. Ned4 {
[%emt 0:09:10]} Rc8 {[%emt 0:25:19]} 16. h3 {[%emt 0:08:32]} Nh6 {
[%emt 0:00:04]} 17. g4 {[%emt 0:00:18]} f6 {[%emt 0:00:52]} 18. e6 {
[%emt 0:01:57]} Be8 {[%emt 0:00:04]} 19. Rc1 {[%emt 0:16:00]} c3 {
[%emt 0:01:41]} 20. bxc3 {[%emt 0:00:11]} bxc3 {[%emt 0:00:22]} 21. Qb3 {
[%emt 0:01:47]} Na6 {[%emt 0:03:39]} 22. Bc4 {[%emt 0:15:50]} Nb4 {
[%emt 0:05:20]} 23. a3 {[%emt 0:16:35]} Na6 {[%emt 0:08:09]} 24. Qxc3 {
[%emt 0:00:13]} g5 {[%emt 0:03:27]} 25. Bh2 {[%emt 0:05:47]} f5 {[%emt 0:01:09]
} 26. Be5 {[%emt 0:00:50]} Bxe5 {[%emt 0:00:25]} 27. Nxe5 {[%emt 0:00:06]} Qd6
28. Nxf5 {[%emt 0:04:46]} Nxf5 {[%emt 0:00:05]} 29. gxf5 {[%emt 0:00:06]} Rxc4
{[%emt 0:03:32]} 30. Nxc4 {[%emt 0:00:48]} Qxd5 31. Rg1 {[%emt 0:03:31]} Qxf5 {
[%emt 0:00:03]} 32. Qe5 {[%emt 0:01:32]} Qxh3 {[%emt 0:00:02]} 33. Qxg5+ {
[%emt 0:01:06]} Bg6 34. Ne5 {[%emt 0:02:14]} Qxe6 {[%emt 0:00:11]} 35. Rc6 {
[%emt 0:00:08]} Qa2 {[%emt 0:02:39]} 36. Rxg6+ {[%emt 0:00:24]} Kh8 37. Nf7+ {
[%emt 0:00:40]} 1-0

[Event "Charlotte Holiday op"]
[Site "Charlotte USA"]
[Date "2021.12.29"]
[Round "6.19"]
[White "Han, Johnathan"]
[Black "Talukdar, Rohan"]
[Result "0-1"]
[WhiteElo "1968"]
[BlackElo "2329"]
[PlyCount "26"]
[EventDate "2021.12.26"]
[EventType "swiss"]
[EventRounds "9"]
[EventCountry "USA"]
[Source "ChessMix"]
[SourceDate "2022.01.01"]

1. e4 {[%emt 0:00:05]} g6 {[%emt 0:00:21]} 2. d4 {[%emt 0:00:17]} Bg7 {
[%emt 0:00:04]} 3. Nc3 {[%emt 0:00:05]} c6 {[%emt 0:00:05]} 4. f4 {
[%emt 0:00:26]} d5 {[%emt 0:00:06]} 5. e5 {[%emt 0:00:06]} Nh6 {[%emt 0:00:05]}
6. Bd3 {[%emt 0:04:21]} O-O {[%emt 0:02:40]} 7. Nf3 {[%emt 0:00:31]} Bg4 {
[%emt 0:00:06]} 8. h3 {[%emt 0:00:34]} Bxf3 {[%emt 0:00:09]} 9. Qxf3 {
[%emt 0:00:05]} f6 {[%emt 0:00:03]} 10. exf6 {[%emt 0:08:29]} Bxf6 {
[%emt 0:03:10]} 11. Ne2 {[%emt 0:01:49]} c5 {[%emt 0:02:22]} 12. dxc5 {
[%emt 0:06:52]} e5 {[%emt 0:01:30]} 13. fxe5 {[%emt 0:02:41]} Bh4+ {
[%emt 0:00:40]} 0-1

[Event "Charlotte Holiday op"]
[Site "Charlotte USA"]
[Date "2021.12.29"]
[Round "7.15"]
[White "Talukdar, Rohan"]
[Black "De la Colina, Nicolas"]
[Result "1-0"]
[WhiteElo "2329"]
[BlackElo "2108"]
[PlyCount "109"]
[EventDate "2021.12.26"]
[EventType "swiss"]
[EventRounds "9"]
[EventCountry "USA"]
[Source "ChessMix"]
[SourceDate "2022.01.01"]

1. e4 c5 {[%emt 0:05:21]} 2. Nc3 {[%emt 0:00:07]} Nc6 {[%emt 0:00:21]} 3. Bb5 {
[%emt 0:00:06]} Nd4 {[%emt 0:01:11]} 4. Nf3 {[%emt 0:00:06]} a6 {[%emt 0:00:17]
} 5. Bd3 {[%emt 0:00:12]} g6 {[%emt 0:00:11]} 6. Nxd4 {[%emt 0:01:49]} cxd4 {
[%emt 0:00:05]} 7. Ne2 {[%emt 0:00:03]} Bg7 {[%emt 0:00:05]} 8. c3 {
[%emt 0:00:04]} dxc3 {[%emt 0:01:33]} 9. bxc3 {[%emt 0:00:07]} Nf6 {
[%emt 0:01:38]} 10. Bc2 {[%emt 0:08:53]} O-O {[%emt 0:00:45]} 11. f4 {
[%emt 0:08:10]} d6 {[%emt 0:03:39]} 12. O-O {[%emt 0:04:03]} b5 {[%emt 0:04:04]
} 13. Kh1 {[%emt 0:00:30]} Bb7 {[%emt 0:00:19]} 14. d3 {[%emt 0:00:08]} e5 {
[%emt 0:07:57]} 15. a4 {[%emt 0:13:16]} Re8 {[%emt 0:10:20]} 16. fxe5 {
[%emt 0:12:50]} dxe5 {[%emt 0:00:08]} 17. axb5 {[%emt 0:00:57]} axb5 {
[%emt 0:00:01]} 18. Rxa8 Bxa8 {[%emt 0:01:55]} 19. Bb1 {[%emt 0:00:49]} Bc6 {
[%emt 0:14:28]} 20. Qb3 {[%emt 0:01:56]} Bd7 {[%emt 0:01:09]} 21. Be3 {
[%emt 0:08:03]} Qe7 {[%emt 0:05:51]} 22. Ng3 {[%emt 0:04:19]} Ra8 {
[%emt 0:08:45]} 23. h3 {[%emt 0:10:39]} Ra3 {[%emt 0:02:33]} 24. Qb2 {
[%emt 0:00:43]} h6 {[%emt 0:05:48]} 25. Bc1 {[%emt 0:02:12]} Ra8 {
[%emt 0:00:32]} 26. Ba2 {[%emt 0:03:17]} Qd6 {[%emt 0:00:39]} 27. Rf3 {
[%emt 0:01:01]} Rb8 {[%emt 0:04:06]} 28. Qf2 {[%emt 0:02:45]} Ra8 {
[%emt 0:01:46]} 29. Bb3 {[%emt 0:02:32]} Ra1 {[%emt 0:00:52]} 30. Qb2 {
[%emt 0:00:26]} Ra8 {[%emt 0:01:43]} 31. Kh2 {[%emt 0:00:15]} Rc8 {
[%emt 0:02:28]} 32. Ne2 {[%emt 0:01:26]} Ra8 {[%emt 0:01:46]} 33. Qb1 {
[%emt 0:01:14]} Ra5 {[%emt 0:01:55]} 34. Bd2 {[%emt 0:04:08]} Ra8 {
[%emt 0:01:43]} 35. Qf1 {[%emt 0:00:37]} Ra3 {[%emt 0:00:57]} 36. Nc1 {
[%emt 0:00:08]} Qe7 {[%emt 0:03:38]} 37. Qf2 {[%emt 0:01:46]} g5 {
[%emt 0:01:14]} 38. Qb6 {[%emt 0:00:50]} g4 {[%emt 0:01:33]} 39. Rf1 {
[%emt 0:00:37]} Kh7 {[%emt 0:00:57]} 40. Be3 {[%emt 0:01:26]} gxh3 {
[%emt 0:02:33]} 41. gxh3 Ra1 {[%emt 0:00:31]} 42. Rf3 {[%emt 0:01:36]} Be6 {
[%emt 0:02:10]} 43. Bxe6 {[%emt 0:00:35]} Qxe6 44. Qxb5 {[%emt 0:00:12]} Nh5 {
[%emt 0:00:54]} 45. Qb2 {[%emt 0:00:37]} Ra6 46. c4 {[%emt 0:01:20]} Qe7 {
[%emt 0:00:46]} 47. Qb5 {[%emt 0:00:22]} Rg6 {[%emt 0:00:12]} 48. Ne2 {
[%emt 0:01:02]} Qh4 {[%emt 0:00:38]} 49. Qb1 {[%emt 0:01:07]} Nf6 {
[%emt 0:00:31]} 50. Qf1 {[%emt 0:01:00]} h5 {[%emt 0:00:47]} 51. Kh1 {
[%emt 0:00:47]} Ng4 {[%emt 0:01:20]} 52. Bd2 {[%emt 0:00:47]} Nf6 {
[%emt 0:00:51]} 53. Rf5 {[%emt 0:01:17]} Nxe4 {[%emt 0:00:38]} 54. Be1 {
[%emt 0:00:30]} Ng3+ {[%emt 0:00:30]} 55. Bxg3 {[%emt 0:00:32]} 1-0

[Event "Charlotte Holiday op"]
[Site "Charlotte USA"]
[Date "2021.12.30"]
[Round "8.11"]
[White "Talukdar, Rohan"]
[Black "Beukes, Dante M"]
[Result "0-1"]
[WhiteElo "2329"]
[BlackElo "2144"]
[PlyCount "84"]
[EventDate "2021.12.26"]
[EventType "swiss"]
[EventRounds "9"]
[EventCountry "USA"]
[Source "ChessMix"]
[SourceDate "2022.01.01"]

1. e4 {[%emt 0:00:44]} c5 {[%emt 0:05:41]} 2. Nc3 {[%emt 0:00:08]} d6 {
[%emt 0:00:07]} 3. Nge2 {[%emt 0:00:11]} Nf6 {[%emt 0:00:54]} 4. g3 {
[%emt 0:00:04]} g6 {[%emt 0:00:13]} 5. d4 {[%emt 0:00:04]} cxd4 {[%emt 0:00:05]
} 6. Nxd4 {[%emt 0:00:03]} Nc6 {[%emt 0:01:23]} 7. Nde2 {[%emt 0:00:05]} Bg7 {
[%emt 0:00:11]} 8. Bg2 {[%emt 0:00:06]} O-O {[%emt 0:00:04]} 9. O-O {
[%emt 0:00:04]} Rb8 {[%emt 0:00:07]} 10. a4 {[%emt 0:03:43]} a6 {[%emt 0:00:39]
} 11. h3 {[%emt 0:04:00]} b5 {[%emt 0:00:23]} 12. axb5 {[%emt 0:03:39]} axb5 {
[%emt 0:00:45]} 13. Nd5 {[%emt 0:04:57]} Nd7 {[%emt 0:02:48]} 14. g4 {
[%emt 0:06:34]} e6 {[%emt 0:07:22]} 15. Ne3 {[%emt 0:03:58]} Nc5 {
[%emt 0:07:21]} 16. f4 {[%emt 0:01:36]} Bb7 {[%emt 0:06:06]} 17. g5 {
[%emt 0:13:09]} f6 {[%emt 0:41:49]} 18. gxf6 {[%emt 0:03:00]} Bxf6 {
[%emt 0:00:10]} 19. Ng4 {[%emt 0:00:08]} Bg7 {[%emt 0:00:15]} 20. Ra3 {
[%emt 0:00:03]} Ne7 {[%emt 0:02:41]} 21. Ng3 {[%emt 0:05:23]} b4 {
[%emt 0:01:44]} 22. Ra2 {[%emt 0:08:18]} h5 {[%emt 0:06:32]} 23. Nf2 {
[%emt 0:01:09]} Ba6 {[%emt 0:05:07]} 24. Re1 {[%emt 0:11:22]} Bh6 {
[%emt 0:00:38]} 25. f5 {[%emt 0:03:59]} Bxc1 {[%emt 0:00:47]} 26. Qxc1 exf5 {
[%emt 0:00:38]} 27. exf5 {[%emt 0:13:25]} Nxf5 {[%emt 0:01:36]} 28. Nge4 {
[%emt 0:00:20]} Bb7 {[%emt 0:01:43]} 29. Qf4 {[%emt 0:02:33]} Nxe4 {
[%emt 0:01:12]} 30. Bxe4 {[%emt 0:00:45]} Nh4 {[%emt 0:02:20]} 31. Qg3 {
[%emt 0:00:22]} Bxe4 {[%emt 0:01:08]} 32. Rxe4 {[%emt 0:00:04]} Qg5 {
[%emt 0:00:26]} 33. Qxg5 {[%emt 0:01:14]} Nf3+ {[%emt 0:00:04]} 34. Kg2 Nxg5 {
[%emt 0:00:07]} 35. Rd4 b3 {[%emt 0:01:54]} 36. cxb3 {[%emt 0:01:22]} Rxb3 {
[%emt 0:00:24]} 37. Nd3 {[%emt 0:01:52]} Nf3 {[%emt 0:00:56]} 38. Rxd6 {
[%emt 0:00:48]} Rxd3 {[%emt 0:00:15]} 39. Rxg6+ {[%emt 0:00:07]} Kh7 {
[%emt 0:00:14]} 40. Re6 {[%emt 0:00:11]} Rd2+ {[%emt 0:01:49]} 41. Kg3 {
[%emt 0:00:08]} h4+ {[%emt 0:00:12]} 42. Kg4 {[%emt 0:00:10]} Rg2+ {
[%emt 0:00:05]} 0-1